[Event "Hampshire-chB"]
[Site "Fareham"]
[Date "2022.11.06"]
[Round "6"]
[White "Moore, Gillian A"]
[Black "Sawers, Kevin"]
[Result "1-0"]
[WhiteElo "1678"]
[BlackElo "1658"]
[PlyCount "55"]
[EventDate "2022.11.04"]
[EventType "swiss"]
[EventRounds "6"]
[EventCountry "ENG"]
[SourceTitle "EXT 2024"]
[Source "ChessBase"]
[SourceDate "2023.10.10"]
[SourceVersion "1"]
[SourceVersionDate "2023.10.10"]
[SourceQuality "1"]

1. d4 Nf6 2. Bg5 h6 3. Bh4 d6 4. e3 Nbd7 5. c4 g5 6. Bg3 c5 7. Nc3 Qa5 8. Bd3 cxd4 9. exd4 Bg7 10. h3 Qb6 11. Nge2 Nh5 12. Nd5 Qd8 13. Bh2 Nhf6 14. Ne3 Nb6 15. 0-0 e6 16. Rc1 0-0 17. c5 dxc5 18. dxc5 Nbd5 19. Nxd5 Nxd5 20. Bd6 Re8 21. Bb1 Bf8 22. Qd3 f5 23. Bxf8 Rxf8 24. Rfd1 Qf6 25. Qb3 Ne7 26. Rd6 Nd5 27. Rd1 Rd8 28. R1xd5 1-0

[Event "BCF-ch Seniors 65"]
[Site "Hull"]
[Date "2018.08.02"]
[Round "5"]
[White "McDonald, Ian1"]
[Black "Moore, Gillian A"]
[Result "1-0"]
[WhiteElo "1726"]
[BlackElo "1835"]
[PlyCount "93"]
[EventDate "2018.07.29"]
[EventType "swiss"]
[EventRounds "7"]
[EventCountry "ENG"]
[SourceTitle "CBM 185 Extra"]
[Source "ChessBase"]
[SourceDate "2018.07.29"]
[SourceVersion "1"]
[SourceVersionDate "2018.07.29"]
[SourceQuality "1"]

1. e4 Nf6 2. Nc3 e5 3. f4 d5 4. fxe5 Nxe4 5. d3 Nxc3 6. bxc3 c6 7. Nf3 Bg4 8. d4 Nd7 9. Be2 Be7 10. 0-0 0-0 11. Qe1 Bxf3 12. Rxf3 Bh4 13. Qf1 Bg5 14. Bd3 g6 15. Rg3 Bxc1 16. Rxc1 Qe7 17. Qe2 c5 18. Qg4 c4 19. Bf5 Rad8 20. Qf3 Nb8 21. h4 Qxh4 22. Rh3 Qg5 23. Rf1 Nc6 24. Rg3 Qh6 25. Bh3 Ne7 26. Qf6 Rde8 27. Bd7 Qg7 28. Bxe8 Rxe8 29. Rgf3 Qxf6 30. Rxf6 Nf5 31. g4 Ne3 32. R1f3 Nxg4 33. Rxf7 Rb8 34. Rd7 Rf8 35. Rxf8+ Kxf8 36. Rxd5 Ke7 37. Rc5 Ne3 38. Rc7+ Ke6 39. Rxh7 Nxc2 40. Rxb7 a5 41. Kf2 a4 42. Rb2 Nxd4 43. cxd4 Kd5 44. Ke3 c3 45. Rc2 g5 46. Rxc3 g4 47. Rc5+ 1-0

[Event "BCF-ch Seniors 65"]
[Site "Hull"]
[Date "2018.07.30"]
[Round "2"]
[White "Moore, Gillian A"]
[Black "Calvert, John C"]
[Result "1-0"]
[WhiteElo "1835"]
[BlackElo "1494"]
[PlyCount "69"]
[EventDate "2018.07.29"]
[EventType "swiss"]
[EventRounds "7"]
[EventCountry "ENG"]
[SourceTitle "CBM 185 Extra"]
[Source "ChessBase"]
[SourceDate "2018.07.29"]
[SourceVersion "1"]
[SourceVersionDate "2018.07.29"]
[SourceQuality "1"]

1. d4 Nf6 2. Bg5 e6 3. e4 Be7 4. Bd3 0-0 5. Nd2 d6 6. f4 b6 7. Qe2 Bb7 8. c3 Nc6 9. Ngf3 Re8 10. 0-0 Rc8 11. Rad1 Nb8 12. e5 Nfd7 13. Bxe7 Rxe7 14. Ng5 g6 15. exd6 cxd6 16. Nge4 Nf8 17. Nf3 Kg7 18. Nfg5 f6 19. Nh3 Qd7 20. Nhf2 Rce8 21. g4 Rf7 22. g5 f5 23. Nf6 Rxf6 24. gxf6+ Kxf6 25. Bb5 Bc6 26. Bxc6 Qxc6 27. Nd3 Kg7 28. Nb4 Qd7 29. Rfe1 Qc8 30. Qd3 Nbd7 31. Re2 Nf6 32. Kf1 Qb7 33. d5 e5 34. c4 e4 35. Qd4 1-0

[Event "BCF-ch Seniors 65"]
[Site "Bournemouth"]
[Date "2016.07.28"]
[Round "5"]
[White "Dennis, Nigel W"]
[Black "Moore, Gillian A"]
[Result "1/2-1/2"]
[WhiteElo "1809"]
[BlackElo "1848"]
[PlyCount "131"]
[EventDate "2016.07.24"]
[EventType "swiss"]
[EventRounds "7"]
[EventCountry "ENG"]
[SourceTitle "CBM 173 Extra"]
[Source "ChessBase"]
[SourceDate "2016.08.29"]
[SourceVersion "1"]
[SourceVersionDate "2016.08.29"]
[SourceQuality "1"]

1. e4 Nf6 2. e5 Nd5 3. c4 Nb6 4. d4 d6 5. f4 dxe5 6. fxe5 Nc6 7. Be3 Bf5 8. Nc3 e6 9. Nf3 Bg4 10. Be2 Qd7 11. 0-0 Be7 12. a3 Rd8 13. c5 Nd5 14. Nxd5 exd5 15. b4 0-0 16. h3 Bh5 17. Nh2 Bxe2 18. Qxe2 f6 19. exf6 Bxf6 20. Rad1 Rde8 21. Qd2 h5 22. Nf3 Re4 23. b5 Ne7 24. a4 Nf5 25. Bf2 b6 26. Ng5 Re7 27. Rfe1 Rfe8 28. Rxe7 Rxe7 29. Nf3 Re8 30. Kf1 h4 31. Re1 Rxe1+ 32. Qxe1 g5 33. Ne5 Qe7 34. Nc6 Qxe1+ 35. Kxe1 bxc5 36. dxc5 Bc3+ 37. Ke2 d4 38. Nxa7 Bb4 39. Nc6 Bxc5 40. a5 d3+ 41. Kxd3 Bxf2 42. a6 Nd6 43. a7 Bxa7 44. Nxa7 Kf7 45. Kd4 Ke6 46. Kc5 Ke5 47. Kc6 Kf4 48. Kxc7 Nxb5+ 49. Nxb5 Kg3 50. Nd4 Kxg2 51. Ne6 Kxh3 52. Nxg5+ Kg4 53. Ne4 Kf4 54. Nf2 Ke3 55. Nh3 Kf3 56. Kd6 Kg3 57. Ng5 Kg4 58. Ne4 Kh3 59. Ke5 Kg2 60. Ng5 Kg3 61. Ke4 Kg4 62. Ke3 Kxg5 63. Kf2 Kg4 64. Kg2 h3+ 65. Kh2 Kh4 66. Kh1 1/2-1/2

[Event "BCF-ch Seniors 65"]
[Site "Coventry"]
[Date "2015.07.27"]
[Round "1"]
[White "Morriss, Pete R"]
[Black "Moore, Gillian A"]
[Result "1/2-1/2"]
[WhiteElo "2075"]
[BlackElo "1831"]
[PlyCount "131"]
[EventDate "2015.07.27"]
[EventType "swiss"]
[EventRounds "6"]
[EventCountry "ENG"]
[SourceTitle "CBM 167 Extra"]
[Source "ChessBase"]
[SourceDate "2015.09.14"]
[SourceVersion "1"]
[SourceVersionDate "2015.09.14"]
[SourceQuality "1"]

1. e4 Nf6 2. Nc3 e5 3. Nf3 Nc6 4. Bb5 Nd4 5. Ba4 Bc5 6. 0-0 Nxf3+ 7. Qxf3 0-0 8. d3 d6 9. Bg5 c6 10. Bb3 a5 11. a4 Be6 12. Bc4 h6 13. Bxf6 Qxf6 14. Qxf6 gxf6 15. Kh1 Rad8 16. f4 d5 17. Ba2 d4 18. Ne2 Be7 19. f5 Bxa2 20. Rxa2 Kh7 21. Rf3 Rg8 22. Rg3 Rxg3 23. Nxg3 Rg8 24. Ra1 Rg5 25. Ne2 h5 26. Ng1 Rg8 27. Nf3 Bf8 28. Nd2 Bb4 29. Nc4 Rd8 30. Kg1 Kg7 31. Kf2 Kf8 32. Ke2 Ke7 33. Rb1 b5 34. axb5 cxb5 35. Nb6 Kf8 36. Nd5 Be7 37. Rf1 a4 38. Rf3 b4 39. Kd2 a3 40. bxa3 bxa3 41. Rf1 Ra8 42. Ra1 Bd8 43. c4 dxc3+ 44. Kxc3 Be7 45. Nxe7 Kxe7 46. Kb3 Kd6 47. Ka2 Rc8 48. Rb1 Rc2+ 49. Kxa3 Rxg2 50. Rb7 Rxh2 51. Rxf7 h4 52. Rxf6+ Kc5 53. Kb3 Rh1 54. Kc2 h3 55. Rh6 Rh2+ 56. Kd1 Kd4 57. Ke1 Kxd3 58. f6 Re2+ 59. Kf1 Rxe4 60. Rxh3+ Kd2 61. Rf3 Re1+ 62. Kg2 Re2+ 63. Rf2 Rxf2+ 64. Kxf2 e4 65. f7 e3+ 66. Kf3 1/2-1/2

[Event "BCF-ch Seniors"]
[Site "Aberystwyth"]
[Date "2014.07.29"]
[Round "4"]
[White "Pickersgill, Adrian"]
[Black "Moore, Gillian A"]
[Result "1-0"]
[WhiteElo "1990"]
[BlackElo "1835"]
[PlyCount "47"]
[EventDate "2014.07.26"]
[EventType "swiss"]
[EventRounds "7"]
[EventCountry "WLS"]
[SourceTitle "EXT 2017"]
[Source "ChessBase"]
[SourceDate "2016.10.25"]
[SourceVersion "1"]
[SourceVersionDate "2016.10.25"]
[SourceQuality "1"]

1. e4 Nf6 2. e5 Nd5 3. d4 d6 4. c4 Nb6 5. exd6 exd6 6. Nc3 Be7 7. Bd3 Nc6 8. Nge2 0-0 9. 0-0 Nb4 10. Bb1 c5 11. d5 Re8 12. a3 Na6 13. b3 Bf6 14. Bb2 g6 15. Ng3 Bd4 16. Qd2 Qh4 17. Nce4 Be5 18. f4 f5 19. fxe5 fxe4 20. e6 e3 21. Qxe3 Nd7 22. Ne4 Re7 23. exd7 Bxd7 24. Qc3 1-0

[Event "BCF-ch Senior"]
[Site "Torquay"]
[Date "2013.08.07"]
[Round "5.85"]
[White "Tanner, Frank"]
[Black "Moore, Gillian A"]
[Result "0-1"]
[WhiteElo "1441"]
[BlackElo "1836"]
[PlyCount "92"]
[EventDate "2013.08.03"]
[EventType "swiss"]
[EventRounds "7"]
[EventCountry "ENG"]
[SourceTitle "EXT 2023"]
[Source "ChessBase"]
[SourceDate "2022.10.05"]
[SourceVersion "1"]
[SourceVersionDate "2022.10.05"]
[SourceQuality "1"]

1. d4 Nc6 2. Bf4 d5 3. Nf3 Bg4 4. Nbd2 e6 5. h3 Bh5 6. e3 Bd6 7. Bxd6 cxd6 8. g4 Bg6 9. Nh4 Qxh4 10. Bb5 Rc8 11. Qf3 Nf6 12. 0-0-0 Ne4 13. Rh2 0-0 14. Bd3 Nxd2 15. Rxd2 Bxd3 16. Rxd3 Nb4 17. Rd2 Qd8 18. a3 Qa5 19. Kb1 Nc6 20. Qd1 Qb5 21. Rd3 Na5 22. f4 Rc6 23. Ka2 Rfc8 24. Qb1 Rc4 25. Rhd2 b6 26. Re2 Qa6 27. Rf2 R4c7 28. b3 Rc3 29. Rfd2 Rxd3 30. Rxd3 Nc6 31. Rd2 b5 32. b4 Qb7 33. h4 Ne7 34. h5 Qc7 35. Qb3 Qc4 36. Qxc4 dxc4 37. e4 d5 38. e5 c3 39. Rd3 Rc4 40. Kb3 Nc6 41. Rxc3 Nxd4+ 42. Kb2 Rxc3 43. Kxc3 Ne2+ 44. Kd3 Nxf4+ 45. Ke3 g5 46. hxg6 Nxg6 0-1

[Event "BCF-ch Senior"]
[Site "Torquay"]
[Date "2013.08.04"]
[Round "2.80"]
[White "Moore, Gillian A"]
[Black "Myall, Ivan J"]
[Result "0-1"]
[WhiteElo "1836"]
[BlackElo "2087"]
[PlyCount "70"]
[EventDate "2013.08.03"]
[EventType "swiss"]
[EventRounds "7"]
[EventCountry "ENG"]
[SourceTitle "EXT 2023"]
[Source "ChessBase"]
[SourceDate "2022.10.05"]
[SourceVersion "1"]
[SourceVersionDate "2022.10.05"]
[SourceQuality "1"]

1. d4 d5 2. Bg5 f6 3. Bf4 Nc6 4. Nf3 Bg4 5. Nbd2 Nxd4 6. Nxd4 e5 7. Be3 exd4 8. Bxd4 c5 9. Be3 Bd6 10. f3 Bd7 11. c3 Qc7 12. Bg1 Ne7 13. e4 Bc6 14. Qc2 0-0 15. 0-0-0 Qa5 16. b3 Be5 17. exd5 Nxd5 18. Nc4 Qxc3 19. Nxe5 Qa1+ 20. Qb1 Qxe5 21. Bc4 Kh8 22. Bxd5 Bxd5 23. Qb2 Qg5+ 24. Kb1 Be6 25. Qe2 Rfe8 26. Qf2 Bf5+ 27. Kb2 Red8 28. Rxd8+ Rxd8 29. h4 Qf4 30. Qxc5 Qd2+ 31. Ka3 Bb1 32. Be3 Qxa2+ 33. Kb4 b6 34. Qh5 Bc2 35. Kb5 Qa5+ 0-1

[Event "BCF-ch Senior"]
[Site "North Shields"]
[Date "2012.08.01"]
[Round "5.16"]
[White "Cresswell, Mike J"]
[Black "Moore, Gillian A"]
[Result "0-1"]
[WhiteElo "1833"]
[BlackElo "1835"]
[PlyCount "90"]
[EventDate "2012.07.28"]
[EventType "swiss"]
[EventRounds "7"]
[EventCountry "ENG"]
[SourceTitle "EXT 2023"]
[Source "ChessBase"]
[SourceDate "2022.10.05"]
[SourceVersion "1"]
[SourceVersionDate "2022.10.05"]
[SourceQuality "1"]

1. e4 Nf6 2. Nc3 d5 3. e5 Ne4 4. d3 Nxc3 5. bxc3 c5 6. f4 Nc6 7. Nf3 g6 8. Be2 Bg7 9. 0-0 0-0 10. h3 b6 11. d4 Bb7 12. Nh2 e6 13. Rb1 cxd4 14. cxd4 Qe7 15. Rb3 Rfc8 16. Ba3 Qd8 17. Rg3 Na5 18. c3 Nc4 19. Bxc4 Rxc4 20. Qd2 Rac8 21. Ng4 Ba6 22. Rff3 h5 23. Nf2 R8c6 24. Bd6 Rc8 25. Nd1 R4c6 26. Qf2 Qd7 27. Re3 Bc4 28. Ba3 Qb7 29. Bc1 Qa6 30. a3 Qa4 31. Qe1 Bf8 32. Nb2 Qa6 33. Nxc4 Rxc4 34. Qd1 h4 35. Rg5 Be7 36. Rg4 Rxc3 37. Rxc3 Rxc3 38. Bb2 Rc4 39. Qa1 b5 40. Kh2 Kf8 41. Qe1 Kg7 42. Qf2 Qc8 43. Qe1 Rc2 44. Qa1 Qc4 45. a4 Qxa4 0-1

[Event "Hastings Masters op 85th"]
[Site "Hastings"]
[Date "2009.12.29"]
[Round "2"]
[White "Obiamiwe, Paul"]
[Black "Moore, Gillian A"]
[Result "1/2-1/2"]
[WhiteElo "2046"]
[BlackElo "1901"]
[PlyCount "68"]
[EventDate "2009.12.28"]
[EventType "swiss"]
[EventRounds "9"]
[EventCountry "ENG"]
[SourceTitle "CBM 134 Extra"]
[Source "ChessBase"]
[SourceDate "2010.03.03"]
[SourceVersion "1"]
[SourceVersionDate "2010.03.03"]
[SourceQuality "1"]

1. Nf3 Nf6 2. c4 b6 3. g3 Bb7 4. Bg2 e6 5. 0-0 c5 6. Nc3 Nc6 7. b3 d5 8. cxd5 exd5 9. d4 Be7 10. Ba3 0-0 11. e3 Re8 12. Rc1 Nb4 13. dxc5 bxc5 14. Qd2 Ne4 15. Nxe4 dxe4 16. Qxd8 Raxd8 17. Ne5 a5 18. Bxb4 axb4 19. Rfd1 f5 20. Bf1 Kf8 21. Bb5 Rxd1+ 22. Rxd1 Ra8 23. Rd2 Bc8 24. Bd7 Bxd7 25. Nxd7+ Ke8 26. Nb6 Rd8 27. Rxd8+ Kxd8 28. Kf1 Bd6 29. Nc4 Kc7 30. Ke2 Kc6 31. Kd2 g5 32. h3 h5 33. Ke2 Kd5 34. Kf1 Kc6 1/2-1/2

[Event "Paington op"]
[Site "Paington"]
[Date "2009.09.12"]
[Round "7"]
[White "Wells, Daniel J"]
[Black "Moore, Gillian A"]
[Result "1-0"]
[WhiteElo "2014"]
[BlackElo "1927"]
[PlyCount "87"]
[EventDate "2009.09.06"]
[EventType "swiss"]
[EventRounds "7"]
[EventCountry "ENG"]
[SourceTitle "CBM 132 Extra"]
[Source "ChessBase"]
[SourceDate "2009.11.03"]
[SourceVersion "1"]
[SourceVersionDate "2009.11.03"]
[SourceQuality "1"]

1. e4 Nf6 2. e5 Nd5 3. d4 d6 4. Nf3 dxe5 5. Nxe5 c6 6. Be2 Nd7 7. Nf3 N7f6 8. c4 Nb6 9. h3 g6 10. 0-0 Bg7 11. Nc3 0-0 12. Be3 Qc7 13. Qd2 Be6 14. b3 Rad8 15. a4 Nfd7 16. Rad1 Ne5 17. Ng5 Bc8 18. a5 Na8 19. Qc1 f6 20. Nge4 Nf7 21. b4 b6 22. axb6 axb6 23. b5 f5 24. Ng5 Nxg5 25. Bxg5 Bb7 26. Bf3 Rxd4 27. bxc6 Ba6 28. Rxd4 Bxd4 29. Nd5 Qa7 30. Bxe7 Re8 31. Nf6+ Bxf6 32. Bxf6 Bc8 33. Re1 Be6 34. Bd5 Nc7 35. Qh6 Nxd5 36. cxd5 Qf7 37. Rxe6 Rxe6 38. dxe6 Qxf6 39. Qe3 Qa1+ 40. Kh2 Qa8 41. Qxb6 Qa1 42. Qb8+ Kg7 43. e7 Qe1 44. Qf8# 1-0

[Event "Paington op"]
[Site "Paington"]
[Date "2009.09.06"]
[Round "1"]
[White "Costello, Colin"]
[Black "Moore, Gillian A"]
[Result "1-0"]
[WhiteElo "2038"]
[BlackElo "1927"]
[PlyCount "103"]
[EventDate "2009.09.06"]
[EventType "swiss"]
[EventRounds "7"]
[EventCountry "ENG"]
[SourceTitle "CBM 132 Extra"]
[Source "ChessBase"]
[SourceDate "2009.11.03"]
[SourceVersion "1"]
[SourceVersionDate "2009.11.03"]
[SourceQuality "1"]

1. c4 b6 2. Nf3 Bb7 3. e3 e6 4. d4 f5 5. Bd3 Nf6 6. 0-0 Be7 7. Nc3 0-0 8. Qe2 d5 9. b3 Ne4 10. Bb2 Nd7 11. Rac1 Nxc3 12. Rxc3 Nf6 13. Rfc1 Bb4 14. R3c2 Qe7 15. c5 bxc5 16. dxc5 c6 17. Ne5 Nd7 18. Nxd7 Qxd7 19. f3 Ba5 20. e4 Bd8 21. exd5 exd5 22. Re1 Bg5 23. Qe6+ Qxe6 24. Rxe6 g6 25. Rce2 a5 26. Kf2 Rad8 27. Bc3 Ra8 28. g3 a4 29. f4 Bd8 30. b4 a3 31. h4 Kf7 32. Rd6 Re8 33. Rd7+ Re7 34. Rexe7+ Bxe7 35. Rxb7 h6 36. h5 gxh5 37. Bxf5 Kf8 38. Be5 h4 39. Rb8+ Rxb8 40. Bxb8 hxg3+ 41. Kxg3 Ke8 42. Be5 Kd8 43. Be6 Ke8 44. f5 Bg5 45. Bf4 Bxf4+ 46. Kxf4 Ke7 47. Ke5 h5 48. f6+ Kd8 49. Kf4 Ke8 50. b5 cxb5 51. Bxd5 b4 52. Kg5 1-0

[Event "BCF-chT3 0708 (4NCL)"]
[Site "Sunningdale"]
[Date "2008.03.02"]
[Round "8.8"]
[White "Robson, Caroline J"]
[Black "Moore, Gillian A"]
[Result "1-0"]
[WhiteElo "1680"]
[BlackElo "1905"]
[PlyCount "127"]
[EventDate "2007.09.15"]
[EventType "team-tourn"]
[EventRounds "11"]
[EventCountry "ENG"]
[SourceTitle "EXT 2023"]
[Source "ChessBase"]
[SourceDate "2022.10.05"]
[SourceVersion "1"]
[SourceVersionDate "2022.10.05"]
[SourceQuality "1"]
[WhiteTeam "Mindsports"]
[BlackTeam "Wessex II"]
[WhiteTeamCountry "ENG"]
[BlackTeamCountry "ENG"]

1. e4 Nf6 2. e5 Nd5 3. c4 Nb6 4. d4 d6 5. Nf3 dxe5 6. Nxe5 N8d7 7. Nf3 Nf6 8. Nc3 g6 9. Be2 Bg7 10. 0-0 0-0 11. h3 c6 12. Be3 e6 13. Qd2 Qe7 14. Bh6 Bxh6 15. Qxh6 Rd8 16. Rad1 Qf8 17. Qh4 Kg7 18. Ng5 h6 19. Nge4 Nxe4 20. Nxe4 f5 21. Ng3 g5 22. Nh5+ Kh7 23. Qg3 Rd7 24. Qe5 Rf7 25. g4 Bd7 26. Kg2 Re8 27. Rh1 Bc8 28. h4 Nd7 29. Qe3 gxh4 30. Rxh4 f4 31. Qe4+ Kh8 32. Rdh1 Nf6 33. Qe5 f3+ 34. Bxf3 Kg8 35. Nxf6+ Rxf6 36. Qe3 Kf7 37. Rxh6 Rxh6 38. Rxh6 Ke7 39. Rh7+ Kd8 40. Qg5+ Re7 41. Rxe7 Qxe7 42. Qxe7+ Kxe7 43. Be4 e5 44. dxe5 Bxg4 45. f4 Ke6 46. Kg3 Be2 47. c5 Bc4 48. a3 Bb3 49. Kh4 a5 50. Kg5 Bc4 51. b4 a4 52. Bh7 Ke7 53. Bf5 Bf1 54. Bc8 Ba6 55. f5 Kd8 56. f6 Ke8 57. Kg6 Kf8 58. Bf5 Bc4 59. e6 Kg8 60. f7+ Kf8 61. Kf6 Bxe6 62. Bxe6 b6 63. cxb6 c5 64. b7 1-0